[Event "FIDE World Cup 2025"]
[Site "Goa, India"]
[Date "2025.11.02"]
[Round "2.30"]
[White "Schnaider, Ilan"]
[Black "Indjic, Aleksandar"]
[Result "1/2-1/2"]
[TimeControl ": 90 minutes for the first 40 moves, followed by 30 minutes for the rest of the gamewith an increment of 30 seconds per move starting from move 1"]
[WhiteFideId "169013"]
[BlackFideId "911925"]
[WhiteElo "2413"]
[BlackElo "2618"]

1. c4 {[%clk 01:30:57]} {[%emt 00:00:02]} e6 {[%clk 01:30:02]} {[%emt
00:00:59]} 2. g3 {[%clk 01:31:12]} {[%emt 00:00:14]} d5 {[%clk 01:29:15]}
{[%emt 00:01:17]} 3. Bg2 {[%clk 01:31:10]} {[%emt 00:00:32]} d4 {[%clk
01:27:20]} {[%emt 00:02:26]} 4. Nf3 {[%clk 01:27:47]} {[%emt 00:03:52]} Nc6
{[%clk 01:27:37]} {[%emt 00:00:13]} 5. O-O {[%clk 01:22:50]} {[%emt 00:05:27]}
Nh6 {[%clk 01:28:02]} {[%emt 00:00:05]} 6. e3 {[%clk 01:15:33]} {[%emt
00:07:47]} Nf5 {[%clk 01:28:22]} {[%emt 00:00:10]} 7. exd4 {[%clk 00:59:51]}
{[%emt 00:16:13]} Nfxd4 {[%clk 01:27:08]} {[%emt 00:01:43]} 8. d3 {[%clk
00:59:31]} {[%emt 00:00:50]} Nxf3+ {[%clk 01:27:04]} {[%emt 00:00:34]} 9. Bxf3
{[%clk 00:59:49]} {[%emt 00:00:12]} Nd4 {[%clk 01:27:16]} {[%emt 00:00:18]} 10.
Bg2 {[%clk 00:59:46]} {[%emt 00:00:33]} g6 {[%clk 01:20:10]} {[%emt 00:07:36]}
11. Bd2 {[%clk 00:54:33]} {[%emt 00:05:43]} Bg7 {[%clk 01:19:31]} {[%emt
00:01:09]} 12. Bb4 {[%clk 00:50:52]} {[%emt 00:04:11]} h5 {[%clk 01:17:28]}
{[%emt 00:02:33]} 13. Re1 {[%clk 00:43:37]} {[%emt 00:07:45]} h4 {[%clk
01:09:00]} {[%emt 00:08:57]} 14. Nc3 {[%clk 00:42:13]} {[%emt 00:01:54]} hxg3
{[%clk 01:09:23]} {[%emt 00:00:07]} 15. hxg3 {[%clk 00:42:20]} {[%emt
00:00:23]} Qg5 {[%clk 01:00:32]} {[%emt 00:09:21]} 16. Nd5 {[%clk 00:33:08]}
{[%emt 00:09:42]} Kd7 {[%clk 00:54:27]} {[%emt 00:06:35]} 17. Nf4 {[%clk
00:20:44]} {[%emt 00:12:54]} c5 {[%clk 00:44:24]} {[%emt 00:10:32]} 18. Bd2
{[%clk 00:18:38]} {[%emt 00:02:37]} Qh6 {[%clk 00:34:00]} {[%emt 00:10:54]} 19.
Nh3 {[%clk 00:12:12]} {[%emt 00:06:56]} Qh7 {[%clk 00:33:51]} {[%emt 00:00:39]}
20. Kf1 {[%clk 00:11:15]} {[%emt 00:01:28]} Ke7 {[%clk 00:33:59]} {[%emt
00:00:21]} 21. Bf4 {[%clk 00:04:15]} {[%emt 00:07:31]} Bd7 {[%clk 00:32:01]}
{[%emt 00:02:28]} 22. Ng5 {[%clk 00:03:24]} {[%emt 00:01:20]} Qh2 {[%clk
00:32:19]} {[%emt 00:00:09]} 23. Nf3 {[%clk 00:02:10]} {[%emt 00:01:48]} Nxf3
{[%clk 00:31:40]} {[%emt 00:01:10]} 24. Bxf3 {[%clk 00:02:38]} {[%emt
00:00:02]} Bxb2 {[%clk 00:28:13]} {[%emt 00:03:56]} 25. Rb1 {[%clk 00:02:29]}
{[%emt 00:00:40]} Bd4 {[%clk 00:28:36]} {[%emt 00:00:07]} 26. Bg5+ {[%clk
00:02:01]} {[%emt 00:00:59]} Kf8 {[%clk 00:26:55]} {[%emt 00:02:10]} 27. Be3
{[%clk 00:02:05]} {[%emt 00:00:26]} Bc6 {[%clk 00:26:14]} {[%emt 00:01:11]} 28.
Bxc6 {[%clk 00:01:17]} {[%emt 00:01:18]} bxc6 {[%clk 00:26:38]} {[%emt
00:00:06]} 29. Qf3 {[%clk 00:00:42]} {[%emt 00:01:05]} Bxe3 {[%clk 00:16:02]}
{[%emt 00:11:06]} 30. Qxe3 {[%clk 00:01:10]} {[%emt 00:00:02]} Qh5 {[%clk
00:16:23]} {[%emt 00:00:08]} 31. Rb7 {[%clk 00:00:36]} {[%emt 00:01:05]} Qf5
{[%clk 00:13:29]} {[%emt 00:03:23]} 32. Qe4 {[%clk 00:00:47]} {[%emt 00:00:20]}
Rd8 {[%clk 00:01:15]} {[%emt 00:12:43]} 33. Qxf5 {[%clk 00:00:57]} {[%emt
00:00:20]} gxf5 {[%clk 00:01:44]} {[%emt 00:00:02]} 34. Ke2 {[%clk 00:01:15]}
{[%emt 00:00:12]} Kg7 {[%clk 00:02:08]} {[%emt 00:00:05]} 35. Reb1 {[%clk
00:01:27]} {[%emt 00:00:18]} f4 {[%clk 00:01:09]} {[%emt 00:01:29]} 36. gxf4
{[%clk 00:01:15]} {[%emt 00:00:43]} Rh3 {[%clk 00:01:37]} {[%emt 00:00:01]} 37.
Rg1+ {[%clk 00:00:45]} {[%emt 00:01:01]} Kf6 {[%clk 00:02:06]} 38. Rg3 {[%clk
00:01:09]} {[%emt 00:00:05]} Rh1 {[%clk 00:02:23]} {[%emt 00:00:13]} 39. Rg5
{[%clk 00:00:37]} {[%emt 00:01:04]} Rh3 {[%clk 00:01:27]} {[%emt 00:01:24]} 40.
Rg3 {[%clk 00:00:40]} {[%emt 00:00:28]} Rh4 {[%clk 00:00:52]} {[%emt 00:01:05]}
41. Ke3 {[%clk 00:25:01]} {[%emt 00:06:08]} Rh1 {[%clk 00:29:41]} {[%emt
00:01:42]} 42. Rg5 {[%clk 00:18:15]} {[%emt 00:07:16]} Re1+ {[%clk 00:25:04]}
{[%emt 00:05:07]} 43. Kd2 {[%clk 00:18:15]} {[%emt 00:00:29]} Re4 {[%clk
00:25:26]} {[%emt 00:00:07]} 44. Rxc5 {[%clk 00:15:13]} {[%emt 00:03:35]} Rxf4
{[%clk 00:25:41]} {[%emt 00:00:14]} 45. Ke2 {[%clk 00:13:34]} {[%emt 00:02:09]}
Rfd4 {[%clk 00:23:25]} {[%emt 00:02:47]} 46. Rxc6 {[%clk 00:11:45]} {[%emt
00:02:19]} Rxd3 {[%clk 00:23:47]} {[%emt 00:00:07]} 47. Rxa7 {[%clk 00:11:38]}
{[%emt 00:00:37]} Rd2+ {[%clk 00:24:07]} {[%emt 00:00:10]} 48. Kf3 {[%clk
00:11:19]} {[%emt 00:00:48]} Kg6 {[%clk 00:22:06]} {[%emt 00:02:31]} 49. Rcc7
{[%clk 00:08:13]} {[%emt 00:03:38]} f6 {[%clk 00:22:04]} {[%emt 00:00:30]} 50.
Kg2 {[%clk 00:02:46]} {[%emt 00:05:57]} e5 {[%clk 00:21:56]} {[%emt 00:00:39]}
51. Ra3 {[%clk 00:02:43]} {[%emt 00:00:33]} R8d4 {[%emt 00:02:12]} 52. Rg3+
{[%clk 00:01:55]} Kf5 {[%clk 00:21:42]} {[%emt 00:00:19]} 53. Rf3+ {[%clk
00:01:35]} {[%emt 00:00:50]} Rf4 {[%clk 00:21:50]} {[%emt 00:00:21]} 54. a4
{[%clk 00:01:37]} {[%emt 00:00:29]} Ra2 {[%clk 00:21:06]} {[%emt 00:01:14]}
1/2-1/2

[Event "FIDE World Cup 2025"]
[Site "Goa, India"]
[Date "2025.11.02"]
[Round "2.31"]
[White "Narayanan, S"]
[Black "Rojas Salas, Steven"]
[Result "1/2-1/2"]
[TimeControl ": 90 minutes for the first 40 moves, followed by 30 minutes for the rest of the gamewith an increment of 30 seconds per move starting from move 1"]
[WhiteFideId "5058422"]
[BlackFideId "3819434"]
[WhiteElo "2617"]
[BlackElo "2413"]

1. d4 {[%clk 01:30:57]} {[%emt 00:00:01]} d5 {[%clk 01:30:48]} {[%emt
00:00:13]} 2. c4 {[%clk 01:31:22]} {[%emt 00:00:06]} e6 {[%clk 01:31:11]}
{[%emt 00:00:06]} 3. Nf3 {[%clk 01:31:45]} {[%emt 00:00:07]} Nf6 {[%clk
01:31:29]} {[%emt 00:00:13]} 4. Nc3 {[%clk 01:32:08]} {[%emt 00:00:06]} c5
{[%clk 01:31:06]} {[%emt 00:00:53]} 5. cxd5 {[%clk 01:32:17]} {[%emt 00:00:22]}
cxd4 {[%clk 01:29:58]} {[%emt 00:01:38]} 6. Qxd4 {[%clk 01:32:41]} {[%emt
00:00:06]} exd5 {[%clk 01:29:46]} {[%emt 00:00:42]} 7. Bg5 {[%clk 01:33:04]}
{[%emt 00:00:06]} Be7 {[%clk 01:29:24]} {[%emt 00:00:52]} 8. e3 {[%clk
01:33:28]} {[%emt 00:00:07]} h6 {[%clk 01:22:26]} {[%emt 00:07:28]} 9. Bxf6
{[%clk 01:33:50]} {[%emt 00:00:07]} Bxf6 {[%clk 01:22:35]} {[%emt 00:00:22]} 10.
Qc5 {[%clk 01:34:15]} {[%emt 00:00:05]} Bxc3+ {[%clk 01:06:02]} {[%emt
00:17:02]} 11. Qxc3 {[%clk 01:30:03]} {[%emt 00:04:42]} O-O {[%clk 01:05:24]}
{[%emt 00:01:09]} 12. Rd1 {[%clk 01:18:38]} {[%emt 00:11:54]} Nc6 {[%clk
00:55:13]} {[%emt 00:10:41]} 13. Bc4 {[%clk 01:18:23]} {[%emt 00:00:44]} Be6
{[%clk 00:54:34]} {[%emt 00:01:11]} 14. O-O {[%clk 01:18:08]} {[%emt 00:00:45]}
Rc8 {[%clk 00:50:17]} {[%emt 00:04:47]} 15. Qa3 {[%clk 01:05:20]} {[%emt
00:13:17]} Rc7 {[%clk 00:28:12]} {[%emt 00:22:36]} 16. Bb3 {[%clk 01:01:41]}
{[%emt 00:04:09]} Rd7 {[%clk 00:27:12]} {[%emt 00:01:30]} 17. Nd4 {[%clk
01:01:53]} {[%emt 00:00:20]} Qa5 {[%clk 00:24:09]} {[%emt 00:03:31]} 18. Qxa5
{[%clk 00:58:39]} {[%emt 00:03:45]} Nxa5 {[%clk 00:19:12]} {[%emt 00:05:26]} 19.
Rc1 {[%clk 00:59:01]} {[%emt 00:00:07]} Nc4 {[%clk 00:16:06]} {[%emt 00:03:37]}
20. Rc2 {[%clk 00:51:00]} {[%emt 00:08:31]} a6 {[%clk 00:14:02]} {[%emt
00:02:34]} 21. a4 {[%clk 00:48:59]} {[%emt 00:02:31]} Nd6 {[%clk 00:12:04]}
{[%emt 00:02:28]} 22. h3 {[%clk 00:43:23]} {[%emt 00:06:06]} Nf5 {[%clk
00:08:28]} {[%emt 00:04:06]} 23. Rd1 {[%clk 00:43:49]} {[%emt 00:00:04]} Rfd8
{[%clk 00:05:43]} {[%emt 00:03:15]} 24. a5 {[%clk 00:38:35]} {[%emt 00:05:44]}
Rd6 {[%clk 00:05:22]} {[%emt 00:00:51]} 25. Nxf5 {[%clk 00:37:19]} {[%emt
00:01:45]} Bxf5 {[%clk 00:05:48]} {[%emt 00:00:05]} 26. Rc7 {[%clk 00:36:25]}
{[%emt 00:01:24]} b6 {[%clk 00:03:43]} {[%emt 00:02:35]} 27. axb6 {[%clk
00:36:24]} {[%emt 00:00:30]} Rxb6 {[%clk 00:03:58]} {[%emt 00:00:16]} 28. Rxd5
{[%clk 00:36:48]} {[%emt 00:00:05]} Rf8 {[%clk 00:02:29]} {[%emt 00:01:59]} 29.
Rxf5 {[%clk 00:19:33]} {[%emt 00:17:45]} Rxb3 {[%clk 00:02:58]} {[%emt
00:00:01]} 30. Ra7 {[%clk 00:19:47]} {[%emt 00:00:16]} Rxb2 {[%clk 00:03:08]}
{[%emt 00:00:21]} 31. Rxa6 {[%clk 00:20:11]} {[%emt 00:00:05]} g6 {[%clk
00:03:11]} {[%emt 00:00:28]} 32. Rf4 {[%clk 00:20:18]} {[%emt 00:00:23]} Rb7
{[%clk 00:03:19]} {[%emt 00:00:22]} 33. h4 {[%clk 00:19:00]} {[%emt 00:01:47]}
h5 {[%clk 00:03:29]} {[%emt 00:00:21]} 34. Kh2 {[%clk 00:19:07]} {[%emt
00:00:23]} Re8 {[%clk 00:03:30]} {[%emt 00:00:29]} 35. Rd4 {[%clk 00:18:23]}
{[%emt 00:01:14]} Rbe7 {[%clk 00:03:19]} {[%emt 00:00:41]} 36. Kg3 {[%clk
00:18:08]} {[%emt 00:00:45]} Kg7 {[%clk 00:03:22]} {[%emt 00:00:27]} 37. Raa4
{[%clk 00:17:36]} {[%emt 00:01:02]} Rb8 {[%clk 00:03:31]} {[%emt 00:00:20]} 38.
Re4 {[%clk 00:17:03]} {[%emt 00:01:04]} Rc7 {[%clk 00:03:50]} {[%emt 00:00:11]}
39. Rac4 {[%clk 00:17:04]} {[%emt 00:00:29]} Ra7 {[%clk 00:04:10]} {[%emt
00:00:10]} 40. Rc2 {[%clk 00:17:14]} {[%emt 00:00:20]} Rd7 {[%clk 00:03:48]}
{[%emt 00:00:53]} 41. Rd4 {[%clk 00:17:28]} {[%emt 00:00:15]} Re7 {[%clk
00:03:36]} {[%emt 00:00:41]} 42. e4 {[%clk 00:17:36]} {[%emt 00:00:22]} Rb5
{[%clk 00:28:27]} {[%emt 00:05:40]} 43. f3 {[%clk 00:47:31]} {[%emt 00:00:35]}
Ra5 {[%clk 00:24:48]} {[%emt 00:04:09]} 44. Rcd2 {[%clk 00:47:37]} {[%emt
00:00:24]} Rb5 {[%clk 00:24:25]} {[%emt 00:00:51]} 45. Kf4 {[%clk 00:47:46]}
{[%emt 00:00:22]} Ra5 {[%clk 00:23:43]} {[%emt 00:01:13]} 46. Rd6 {[%clk
00:46:49]} {[%emt 00:01:27]} Ra4 {[%clk 00:23:55]} {[%emt 00:00:19]} 47. Rd7
{[%clk 00:44:11]} {[%emt 00:03:07]} Rxd7 {[%clk 00:23:05]} {[%emt 00:01:20]} 48.
Rxd7 {[%clk 00:44:37]} {[%emt 00:00:04]} Ra2 {[%clk 00:21:50]} {[%emt
00:01:45]} 49. g3 {[%clk 00:44:48]} {[%emt 00:00:19]} Ra4 {[%clk 00:19:59]}
{[%emt 00:02:21]} 50. Rd3 {[%clk 00:42:48]} {[%emt 00:02:30]} Kf6 {[%clk
00:19:57]} {[%emt 00:00:33]} 51. Rb3 {[%clk 00:42:50]} {[%emt 00:00:28]} Kg7
{[%clk 00:20:14]} {[%emt 00:00:13]} 52. Ke3 {[%clk 00:41:39]} {[%emt 00:01:40]}
Kf6 {[%clk 00:20:23]} {[%emt 00:00:21]} 53. Rd3 {[%clk 00:41:37]} {[%emt
00:00:33]} Kg7 {[%clk 00:20:45]} {[%emt 00:00:09]} 54. e5 {[%clk 00:41:53]}
{[%emt 00:00:13]} Ra5 {[%clk 00:20:14]} {[%emt 00:01:00]} 55. f4 {[%clk
00:42:18]} {[%emt 00:00:06]} Ra4 {[%clk 00:20:24]} {[%emt 00:00:20]} 56. Kf3
{[%clk 00:42:39]} {[%emt 00:00:08]} Rb4 {[%clk 00:19:28]} {[%emt 00:01:26]} 57.
g4 {[%clk 00:40:55]} {[%emt 00:02:14]} hxg4+ {[%clk 00:19:53]} {[%emt
00:00:06]} 58. Kxg4 {[%clk 00:41:23]} {[%emt 00:00:02]} Rb1 {[%emt 00:02:28]}
59. Rg3 {[%clk 00:40:04]} Kh6 {[%clk 00:13:46]} {[%emt 00:06:26]} 60. h5 {[%clk
00:38:00]} {[%emt 00:02:34]} gxh5+ {[%clk 00:13:46]} {[%emt 00:00:31]} 61. Kf5
{[%clk 00:38:15]} {[%emt 00:00:14]} Rb6 {[%clk 00:14:01]} {[%emt 00:00:16]} 62.
Rg8 {[%clk 00:38:14]} {[%emt 00:00:31]} Kh7 {[%clk 00:14:00]} {[%emt 00:00:31]}
63. Rd8 {[%clk 00:38:39]} {[%emt 00:00:04]} Rg6 {[%clk 00:09:54]} {[%emt
00:04:37]} 64. Rd3 {[%clk 00:36:47]} {[%emt 00:02:22]} Kg7 {[%clk 00:09:08]}
{[%emt 00:01:15]} 65. Rd1 {[%clk 00:35:18]} {[%emt 00:01:59]} Rg4 {[%clk
00:08:31]} {[%emt 00:01:07]} 66. Rd2 {[%clk 00:31:15]} {[%emt 00:04:34]} Rg6
{[%clk 00:08:47]} {[%emt 00:00:14]} 67. Ke4 {[%clk 00:29:30]} {[%emt 00:02:14]}
Rg4 {[%clk 00:07:21]} {[%emt 00:01:57]} 68. Rd7 {[%clk 00:27:51]} {[%emt
00:02:09]} Kg6 {[%clk 00:06:11]} {[%emt 00:01:39]} 69. Rd8 {[%clk 00:22:40]}
{[%emt 00:05:42]} Kg7 {[%clk 00:06:28]} {[%emt 00:00:13]} 70. Kf5 {[%clk
00:20:15]} {[%emt 00:02:55]} Rg6 {[%clk 00:06:40]} {[%emt 00:00:18]} 71. Rd1
{[%clk 00:20:14]} {[%emt 00:00:32]} Rg4 {[%clk 00:07:00]} {[%emt 00:00:09]} 72.
Rc1 {[%clk 00:18:08]} {[%emt 00:02:36]} Rg6 {[%clk 00:07:03]} {[%emt 00:00:27]}
73. Rh1 {[%clk 00:17:12]} {[%emt 00:01:26]} Kh6 {[%clk 00:07:10]} {[%emt
00:00:23]} 74. Rh2 {[%clk 00:16:57]} {[%emt 00:00:44]} 1/2-1/2

[Event "FIDE World Cup 2025"]
[Site "Goa, India"]
[Date "2025.11.02"]
[Round "2.32"]
[White "Amartuvshin, Ganzorig"]
[Black "Lagarde, Maxime"]
[Result "1/2-1/2"]
[TimeControl ": 90 minutes for the first 40 moves, followed by 30 minutes for the rest of the gamewith an increment of 30 seconds per move starting from move 1"]
[WhiteFideId "4902548"]
[BlackFideId "662399"]
[WhiteElo "2415"]
[BlackElo "2617"]

1. Nf3 {[%clk 01:30:57]} {[%emt 00:00:02]} Nf6 {[%clk 01:30:36]} {[%emt
00:00:25]} 2. g3 {[%clk 01:29:53]} {[%emt 00:01:34]} b6 {[%clk 01:29:25]}
{[%emt 00:01:41]} 3. Bg2 {[%clk 01:28:27]} {[%emt 00:01:55]} Bb7 {[%clk
01:29:51]} {[%emt 00:00:05]} 4. O-O {[%clk 01:27:44]} {[%emt 00:01:12]} c5
{[%clk 01:28:45]} {[%emt 00:01:36]} 5. d3 {[%clk 01:26:48]} {[%emt 00:01:27]}
g6 {[%clk 01:27:34]} {[%emt 00:01:41]} 6. e4 {[%clk 01:25:21]} {[%emt
00:01:57]} d6 {[%clk 01:27:57]} {[%emt 00:00:07]} 7. Ng5 {[%clk 01:20:13]}
{[%emt 00:05:37]} h6 {[%emt 00:03:51]} 8. Nh3 {[%clk 01:19:57]} Nc6 {[%clk
01:23:47]} {[%emt 00:02:06]} 9. f4 {[%clk 01:18:37]} {[%emt 00:01:50]} Qd7
{[%clk 01:23:20]} {[%emt 00:00:57]} 10. c3 {[%clk 01:17:17]} {[%emt 00:01:50]}
Bg7 {[%clk 01:21:01]} {[%emt 00:02:49]} 11. Nd2 {[%clk 01:13:53]} O-O {[%clk
01:04:28]} {[%emt 00:20:55]} 12. Nf2 {[%clk 01:10:01]} b5 {[%emt 00:08:57]} 13.
a4 b4 {[%clk 01:00:24]} 14. e5 {[%emt 00:15:20]} Ne8 {[%clk 00:58:20]} {[%emt
00:02:24]} 15. Nb3 {[%clk 00:55:52]} {[%emt 00:01:01]} Rb8 {[%clk 00:57:22]}
{[%emt 00:01:28]} 16. d4 {[%clk 00:51:44]} {[%emt 00:04:37]} bxc3 {[%clk
00:55:10]} {[%emt 00:02:41]} 17. bxc3 {[%clk 00:38:28]} {[%emt 00:13:47]} Nxd4
{[%clk 00:51:44]} {[%emt 00:03:56]} 18. Nxd4 {[%clk 00:36:26]} {[%emt
00:02:31]} Bxg2 {[%clk 00:49:59]} {[%emt 00:02:16]} 19. Kxg2 {[%clk 00:36:38]}
{[%emt 00:00:18]} cxd4 {[%clk 00:50:24]} {[%emt 00:00:05]} 20. cxd4 {[%clk
00:36:57]} {[%emt 00:00:11]} Nc7 {[%clk 00:49:39]} {[%emt 00:01:15]} 21. Ba3
{[%clk 00:35:34]} {[%emt 00:01:53]} Qc6+ {[%clk 00:46:30]} {[%emt 00:03:39]} 22.
Qf3 {[%clk 00:35:05]} {[%emt 00:00:59]} Qxf3+ {[%clk 00:46:41]} {[%emt
00:00:19]} 23. Kxf3 {[%clk 00:35:31]} {[%emt 00:00:04]} Rb3+ {[%clk 00:46:56]}
{[%emt 00:00:15]} 24. Kg2 {[%clk 00:35:45]} {[%emt 00:00:16]} Nd5 {[%clk
00:46:48]} {[%emt 00:00:38]} 25. Rfb1 {[%clk 00:35:16]} {[%emt 00:00:59]} Rfb8
{[%clk 00:47:00]} {[%emt 00:00:18]} 26. Rxb3 {[%clk 00:35:38]} {[%emt
00:00:08]} Rxb3 {[%clk 00:47:25]} {[%emt 00:00:05]} 27. Nd1 {[%clk 00:32:43]}
{[%emt 00:03:25]} Rd3 {[%clk 00:45:47]} {[%emt 00:02:07]} 28. Bb2 {[%clk
00:32:32]} {[%emt 00:00:41]} Rxd1 {[%clk 00:30:31]} {[%emt 00:15:47]} 29. Rxd1
{[%clk 00:32:57]} {[%emt 00:00:05]} Ne3+ {[%clk 00:30:59]} {[%emt 00:00:01]} 30.
Kf3 {[%clk 00:33:21]} {[%emt 00:00:06]} Nxd1 {[%clk 00:31:27]} {[%emt
00:00:03]} 31. Ba1 {[%clk 00:33:47]} {[%emt 00:00:04]} dxe5 {[%clk 00:26:31]}
{[%emt 00:05:25]} 32. fxe5 {[%clk 00:34:12]} {[%emt 00:00:05]} e6 {[%clk
00:25:07]} {[%emt 00:01:55]} 1/2-1/2

[Event "FIDE World Cup 2025"]
[Site "Goa, India"]
[Date "2025.11.02"]
[Round "2.33"]
[White "Ivanchuk, Vasyl"]
[Black "Mohammad Fahad, Rahman"]
[Result "1/2-1/2"]
[TimeControl ": 90 minutes for the first 40 moves, followed by 30 minutes for the rest of the gamewith an increment of 30 seconds per move starting from move 1"]
[WhiteFideId "14100010"]
[BlackFideId "10207791"]
[WhiteElo "2616"]
[BlackElo "2416"]

1. d4 {[%clk 01:30:58]} d5 {[%clk 01:30:50]} {[%emt 00:00:11]} 2. c4 {[%clk
01:31:19]} {[%emt 00:00:09]} e6 {[%clk 01:31:12]} {[%emt 00:00:07]} 3. Nf3
{[%clk 01:31:39]} {[%emt 00:00:10]} c6 {[%clk 01:31:24]} {[%emt 00:00:19]} 4.
Nc3 {[%clk 01:30:29]} {[%emt 00:01:40]} dxc4 {[%clk 01:31:38]} {[%emt
00:00:16]} 5. a4 {[%clk 01:29:54]} {[%emt 00:01:05]} Bb4 {[%clk 01:31:15]}
{[%emt 00:00:53]} 6. Bd2 {[%clk 01:29:13]} {[%emt 00:01:11]} a5 {[%clk
01:29:07]} {[%emt 00:02:38]} 7. Rb1 {[%clk 01:28:39]} {[%emt 00:01:04]} c5
{[%clk 01:15:07]} {[%emt 00:14:30]} 8. dxc5 {[%clk 01:24:20]} {[%emt 00:04:49]}
Nd7 {[%clk 01:14:08]} {[%emt 00:01:28]} 9. e3 {[%clk 01:22:52]} {[%emt
00:01:58]} Nxc5 {[%clk 01:14:12]} {[%emt 00:00:26]} 10. Bxc4 {[%clk 01:23:18]}
{[%emt 00:00:05]} Nf6 {[%emt 00:09:49]} 11. Bb5+ {[%clk 01:15:27]} {[%emt
00:00:27]} Bd7 {[%clk 01:11:49]} {[%emt 00:01:28]} 12. O-O {[%clk 01:14:36]}
{[%emt 00:01:21]} O-O {[%clk 01:11:32]} {[%emt 00:00:46]} 13. Qe2 {[%clk
01:14:51]} {[%emt 00:00:15]} Bxb5 {[%clk 00:56:56]} {[%emt 00:15:07]} 14. Qxb5
{[%clk 01:13:51]} {[%emt 00:01:30]} Qd7 {[%clk 00:55:03]} {[%emt 00:02:23]} 15.
Qxd7 {[%clk 01:05:39]} {[%emt 00:08:42]} Nfxd7 {[%clk 00:55:02]} {[%emt
00:00:30]} 16. b3 {[%clk 01:06:05]} {[%emt 00:00:04]} Rfd8 {[%clk 00:49:47]}
{[%emt 00:05:46]} 17. Nb5 {[%clk 01:02:54]} {[%emt 00:03:41]} Bxd2 {[%clk
00:39:29]} {[%emt 00:10:48]} 18. Nxd2 {[%clk 01:01:29]} {[%emt 00:01:55]} Ne5
{[%clk 00:39:51]} {[%emt 00:00:08]} 19. Nd4 {[%clk 01:00:32]} {[%emt 00:01:27]}
Nc6 {[%clk 00:34:43]} {[%emt 00:05:38]} 20. Nxc6 {[%clk 00:55:24]} {[%emt
00:05:38]} Rxd2 {[%clk 00:34:59]} {[%emt 00:00:14]} 21. Nxa5 {[%clk 00:55:32]}
{[%emt 00:00:22]} Rxa5 {[%clk 00:34:33]} {[%emt 00:00:56]} 22. b4 {[%clk
00:55:39]} {[%emt 00:00:22]} Rxa4 {[%clk 00:34:56]} {[%emt 00:00:08]} 23. bxc5
{[%clk 00:56:05]} {[%emt 00:00:04]} Rc4 {[%clk 00:35:18]} {[%emt 00:00:08]} 24.
Rxb7 {[%clk 00:56:02]} {[%emt 00:00:34]} g6 {[%clk 00:35:33]} {[%emt 00:00:14]}
25. Rbb1 {[%clk 00:52:01]} {[%emt 00:04:31]} Rxc5 {[%clk 00:35:41]} {[%emt
00:00:22]} 26. Rbd1 {[%clk 00:48:56]} {[%emt 00:03:35]} Rb2 {[%clk 00:32:35]}
{[%emt 00:03:35]} 27. Rb1 {[%clk 00:49:02]} {[%emt 00:00:25]} Rd2 {[%clk
00:32:50]} {[%emt 00:00:15]} 28. Rbd1 {[%clk 00:49:02]} {[%emt 00:00:30]} Rb2
{[%clk 00:33:03]} {[%emt 00:00:16]} 29. Rb1 {[%clk 00:49:08]} {[%emt 00:00:26]}
Rd2 {[%clk 00:33:21]} {[%emt 00:00:11]} 30. Rbd1 {[%clk 00:48:31]} {[%emt
00:01:30]} Rb2 {[%clk 00:33:44]} {[%emt 00:00:07]} 1/2-1/2